000 003180000a22000970004500
100 1 _aHaber, Susan
245 1 0 _aA woman's touch : Feminist encounters with the hemorrhaging woman in Mark 5.24-34
300 _aVol. 26, Núm 2 (2004), Páginas 171-192
773 0 _tJournal for the Study of the New Testament
942 _cANA
999 _c55457
_d55457